[Event "EU-ch Amateur U2000"]
[Site "Rhodes"]
[Date "2019.04.13"]
[Round "8"]
[White "Jamba, Alexandru"]
[Black "Frontzos, Ioannis"]
[Result "1/2-1/2"]
[WhiteElo "1852"]
[BlackElo "1504"]
[PlyCount "46"]
[EventDate "2019.04.06"]
[EventType "swiss"]
[EventRounds "9"]
[EventCountry "GRE"]
[SourceTitle "EXT 2020"]
[Source "ChessBase"]
[SourceDate "2019.10.17"]
[SourceVersion "1"]
[SourceVersionDate "2019.10.17"]
[SourceQuality "1"]

1. c4 e5 2. Nc3 Nf6 3. g3 Bb4 4. Bg2 0-0 5. Nf3 Nc6 6. d3 h6 7. 0-0 Bxc3 8. bxc3 Re8 9. e4 d6 10. h3 Na5 11. Be3 c6 12. Nd2 d5 13. cxd5 cxd5 14. Nb3 dxe4 15. dxe4 Qxd1 16. Rfxd1 Nc4 17. Bc5 b6 18. Bd6 Nxd6 19. Rxd6 Bb7 20. f3 Red8 21. Rad1 Rxd6 22. Rxd6 Kf8 23. Bf1 Ke7 1/2-1/2